banner-ar

المستدرك على ترجم المؤلفين : تراجم مصنفى الكتب العربية / (Record no. 41760)

MARC details
000 -الفاتح
حقل البيانات ثابتة الطول 00416nam a2200133Ia 4500
008 - عناصر البيانات ثابتة الطول - معلومات عامة
حقل البيانات ثابتة الطول 140319s9999 xx 000 0 ara d
040 ## - مصدر الفهرسة
وكالة الفهرسة الأصلية GCL /
وكالة النسخ GCL
082 04 - رقم تصنيف ديوى العشرى
رقم التصنيف 920.71
رقم المادة ع م
100 1# - المدخل الرئيسى - إسم شخصى
الإسم الشخصى عمر رضا كحالة
245 10 - بيان العنوان
العنوان المستدرك على ترجم المؤلفين : تراجم مصنفى الكتب العربية /
بيان المسئوليه,etc عمر رضا كحالة
300 ## - الوصف المادى
التعداد 893
490 ## - بيان السلسلة
عنوان السلسلة كتاب
رقم المجلد/ التعيين التسلسلي 0
Holdings
حالة التراجع حالة الفقد حالة تلف ليس للاعارة المكان المؤقت الموقع الحالى تاريخ الاكتساب اجمالي اﻻعارات رقم الطلب الباركود تاريخ اخر مشاهدة تاريخ تفعيل السعر نوع وعاء كوها
        مكتبة القاهرة الكبرى مكتبة القاهرة الكبرى 03/26/2014   920.71\ع م 100881 03/26/2014 03/26/2014 كتاب

Powered By

EGPV